[Event "Jugend WM U20"]
[Site "Istanbul"]
[Date "2005.11.10"]
[Round "1.33"]
[White "Cornette, Matthieu"]
[Black "Tanrikulu, Erhan"]
[Result "1-0"]
[WhiteElo "2418"]
[BlackElo "2151"]
[PlyCount "121"]
[EventDate "2005.11.??"]
[EventType "swiss"]
[EventRounds "13"]
[EventCountry "TUR"]
[Source "Reinhold Goldau"]
[SourceDate "2000.03.01"]

1. e4 e5 2. Nf3 Nc6 3. Bb5 a6 4. Ba4 b5 5. Bb3 d6 6. c3 Be7 7. O-O Nf6 8. Re1
O-O 9. d4 Bg4 10. d5 Na5 11. Bc2 c5 12. Nbd2 Qc7 13. h3 Bd7 14. b3 c4 15. Nf1
cxb3 16. axb3 Nb7 17. Bd2 a5 18. Qe2 Rfb8 19. Rec1 Nc5 20. b4 Na4 21. Bb3 Qb7
22. Ng3 Ne8 23. Nh2 axb4 24. cxb4 Nb6 25. Ra5 Rxa5 26. bxa5 Na4 27. Ng4 Nc5 28.
Ba2 b4 29. Bc4 Qa7 30. a6 Nc7 31. Nh5 Ne8 32. Qf3 Bf8 33. Rb1 b3 34. Qe2 Bc8
35. Be3 b2 36. Rxb2 Rxb2 37. Qxb2 Nc7 38. Qa2 Be7 39. Ng3 Kf8 40. Qa3 f6 41.
Bxc5 dxc5 42. Qf3 Bxa6 43. Nxe5 Bxc4 44. Nxc4 Qa1+ 45. Kh2 Qd4 46. Qb3 Ne8 47.
f3 Nd6 48. Ne3 c4 49. Qb8+ Kf7 50. Nef5 Qe5 51. Nxe7 Kxe7 52. Qc7+ Kf8 53. h4
c3 54. Kh3 g5 55. Nh5 Nf7 56. Qc8+ Ke7 57. Ng7 Nh6 58. Qb7+ Kd6 59. Qc6+ Ke7
60. hxg5 Qf4 61. Qb7+ 1-0

[Event "Jugend WM U20"]
[Site "Istanbul"]
[Date "2005.11.10"]
[Round "1.34"]
[White "Stander, Heinrich"]
[Black "Sanikidze, Tornike"]
[Result "0-1"]
[WhiteElo "2128"]
[BlackElo "2411"]
[PlyCount "70"]
[EventDate "2005.11.??"]
[EventType "swiss"]
[EventRounds "13"]
[EventCountry "TUR"]
[Source "Reinhold Goldau"]
[SourceDate "2000.03.01"]

1. e4 e5 2. Nf3 Nc6 3. Bb5 a6 4. Ba4 Nf6 5. Qe2 d6 6. c3 b5 7. Bc2 g6 8. O-O
Bg7 9. a4 Rb8 10. axb5 axb5 11. d4 O-O 12. dxe5 Nxe5 13. Nxe5 dxe5 14. Be3 Nh5
15. Rd1 Qf6 16. f3 Nf4 17. Qf2 h5 18. Ra7 Rd8 19. Rxd8+ Qxd8 20. Qd2 Qe7 21. b4
h4 22. Bc5 Qg5 23. Be3 Be6 24. Bxf4 exf4 25. Rxc7 Rd8 26. Qf2 Bc4 27. Qc5 Be5
28. Rc8 Rxc8 29. Qxc8+ Kg7 30. Qd7 h3 31. Qd2 Bc7 32. Kh1 Bf1 33. Qd4+ Kh7 34.
g4 fxg3 35. Qa7 Bg2+ 0-1

[Event "Jugend WM U20"]
[Site "Istanbul"]
[Date "2005.11.10"]
[Round "1.35"]
[White "Rohit, Gogineni"]
[Black "Uzun, Fuat"]
[Result "1-0"]
[WhiteElo "2401"]
[BlackElo "2070"]
[PlyCount "68"]
[EventDate "2005.11.??"]
[EventType "swiss"]
[EventRounds "13"]
[EventCountry "TUR"]
[Source "Reinhold Goldau"]
[SourceDate "2000.03.01"]

1. e4 Nf6 2. e5 Nd5 3. d4 d6 4. Nf3 dxe5 5. Nxe5 e6 6. Bd3 Nd7 7. O-O Nxe5 8.
dxe5 Nb4 9. Be4 Qxd1 10. Rxd1 f5 11. exf6 gxf6 12. Na3 a6 13. Nc4 Nc6 14. Bf4
e5 15. Bg3 Bg4 16. Re1 O-O-O 17. Bh4 Bg7 18. Ne3 Be6 19. Bf5 Nd4 20. Bxe6+ Nxe6
21. Nf5 Rhf8 22. Red1 Bh8 23. f3 Rxd1+ 24. Rxd1 Rd8 25. Ne7+ Kb8 26. Rxd8+ Nxd8
27. Nd5 Nc6 28. Bxf6 Bxf6 29. Nxf6 h6 30. c3 Kc8 31. Kf2 Kd8 32. Ke3 Ke7 33.
Ng8+ Ke6 34. Nxh6 Kd5 1-0

[Event "Jugend WM U20"]
[Site "Istanbul"]
[Date "2005.11.10"]
[Round "1.36"]
[White "Cil, Hasan Kivanc"]
[Black "Sengupta, Deep"]
[Result "0-1"]
[WhiteElo "2067"]
[BlackElo "2400"]
[PlyCount "82"]
[EventDate "2005.11.??"]
[EventType "swiss"]
[EventRounds "13"]
[EventCountry "TUR"]
[Source "Reinhold Goldau"]
[SourceDate "2000.03.01"]

1. e4 e6 2. Nf3 d5 3. Nc3 d4 4. Ne2 c5 5. d3 Nc6 6. g3 g6 7. Bg2 Bg7 8. O-O
Nge7 9. Nd2 O-O 10. f4 f5 11. e5 Rb8 12. Nc4 Bd7 13. a4 Qc7 14. Bd2 b6 15. Nc1
Nc8 16. Nb3 Rd8 17. Be1 N6e7 18. g4 Bc6 19. Rf2 Bxg2 20. Rxg2 Nd5 21. Qf3 fxg4
22. Qxg4 Qf7 23. Bg3 Rf8 24. Nbd2 Qf5 25. Qxf5 Rxf5 26. Ne4 Bh6 27. Rf1 Nce7
28. Ned6 Rff8 29. Rgf2 a6 30. Rf3 Nf5 31. Ne4 b5 32. axb5 axb5 33. Na3 Rfc8 34.
b3 Rf8 35. Ra1 Ra8 36. Rff1 Rfb8 37. Rfe1 Rb7 38. c4 dxc3 39. Nc2 Rba7 40. Bf2
Nxf4 41. Nxc5 Nh3+ 0-1

[Event "Jugend WM U20"]
[Site "Istanbul"]
[Date "2005.11.10"]
[Round "1.38"]
[White "Uesugi, Shinsaku"]
[Black "Karakehajov, Kalin"]
[Result "0-1"]
[WhiteElo "2040"]
[BlackElo "2396"]
[PlyCount "46"]
[EventDate "2005.11.??"]
[EventType "swiss"]
[EventRounds "13"]
[EventCountry "TUR"]
[Source "Reinhold Goldau"]
[SourceDate "2000.03.01"]

1. e4 e5 2. Nf3 Nc6 3. Bc4 Bc5 4. O-O Nf6 5. d3 d6 6. Be3 Bb6 7. h3 O-O 8. Nc3
Be6 9. Bb3 h6 10. d4 exd4 11. Nxd4 Nxd4 12. Bxd4 Re8 13. Qd3 Nd7 14. Bxb6 axb6
15. f4 Ra5 16. f5 Bxb3 17. axb3 Rae5 18. b4 Nf6 19. Rf4 Qe7 20. Ra7 d5 21. exd5
Re3 22. Qd4 Re1+ 23. Kf2 Rf1+ 0-1

[Event "Jugend WM U20"]
[Site "Istanbul"]
[Date "2005.11.10"]
[Round "1.39"]
[White "Wei, Chenpeng"]
[Black "Lauda, Alexandr"]
[Result "1-0"]
[WhiteElo "2390"]
[BlackElo "2010"]
[PlyCount "65"]
[EventDate "2005.11.??"]
[EventType "swiss"]
[EventRounds "13"]
[EventCountry "TUR"]
[Source "Reinhold Goldau"]
[SourceDate "2000.03.01"]

1. e4 c5 2. Nf3 Nc6 3. Bb5 g6 4. O-O Bg7 5. Bxc6 dxc6 6. d3 Bg4 7. Nbd2 e5 8.
Nc4 Qe7 9. a4 f6 10. h3 Be6 11. b3 Nh6 12. a5 Nf7 13. Ba3 Rd8 14. Qe2 Bxc4 15.
bxc4 Bh6 16. Rfb1 O-O 17. Rb3 Rd7 18. Rab1 Nd8 19. c3 Ne6 20. d4 Rf7 21. Qb2
Qd8 22. a6 b6 23. dxc5 Rd1+ 24. Kh2 Bf4+ 25. g3 Qd3 26. Rxd1 Qxd1 27. cxb6 axb6
28. Ng1 Bxg3+ 29. fxg3 Rd7 30. Qb1 Rd2+ 31. Kh1 Qh5 32. Qe1 Rd1 33. g4 1-0

[Event "Jugend WM U20"]
[Site "Istanbul"]
[Date "2005.11.10"]
[Round "1.40"]
[White "Acuner, Emrah"]
[Black "Sulashvili, Malkhaz"]
[Result "0-1"]
[WhiteElo "1903"]
[BlackElo "2386"]
[PlyCount "100"]
[EventDate "2005.11.??"]
[EventType "swiss"]
[EventRounds "13"]
[EventCountry "TUR"]
[Source "Reinhold Goldau"]
[SourceDate "2000.03.01"]

1. e4 c6 2. d4 d5 3. e5 Bf5 4. Ne2 e6 5. Ng3 Bg6 6. h4 h6 7. h5 Bh7 8. Nc3 c5
9. Bd3 Bxd3 10. Qxd3 cxd4 11. Qxd4 Nc6 12. Qa4 Qd7 13. Bf4 Bb4 14. O-O Bxc3 15.
bxc3 Nge7 16. Rab1 O-O 17. Qb5 b6 18. c4 Qc7 19. cxd5 Nxd5 20. Bd2 Nxe5 21. f4
Nc4 22. Bb4 Rfd8 23. Rf3 a6 24. Qa4 b5 25. Qb3 Qb6+ 26. Rf2 Nxb4 27. Qxb4 Rd2
28. Rbf1 Rxc2 29. Qb3 Rxf2 30. Rxf2 Rd8 31. f5 Rd2 32. Ne4 Rxf2 33. Nxf2 exf5
34. Qf3 Qe6 35. Kh2 Ne3 36. Qf4 Ng4+ 37. Nxg4 fxg4 38. Qb8+ Kh7 39. Qf4 f5 40.
a3 Qf7 41. Kg3 Qxh5 42. Qb4 Qg5 43. a4 Qe3+ 44. Kh2 Qe5+ 45. g3 Qe2+ 46. Kg1
Qe3+ 47. Kh2 Qf2+ 48. Kh1 Qf1+ 49. Kh2 Qh3+ 50. Kg1 Qxg3+ 0-1

[Event "Jugend WM U20"]
[Site "Istanbul"]
[Date "2005.11.10"]
[Round "2.2"]
[White "Sanikidze, Tornike"]
[Black "Gashimov, Vugar"]
[Result "1/2-1/2"]
[WhiteElo "2411"]
[BlackElo "2608"]
[PlyCount "58"]
[EventDate "2005.11.??"]
[EventType "swiss"]
[EventRounds "13"]
[EventCountry "TUR"]
[Source "Reinhold Goldau"]
[SourceDate "2000.03.01"]

1. d4 Nf6 2. c4 e6 3. Nf3 c5 4. d5 exd5 5. cxd5 d6 6. e4 g6 7. h3 a6 8. Bd3 Bg7
9. a4 O-O 10. O-O Re8 11. Re1 Nbd7 12. Nbd2 Rb8 13. Nc4 Nb6 14. Na3 Bd7 15. a5
Nc8 16. Bd2 Na7 17. b4 Bb5 18. Nxb5 axb5 19. Rc1 Rc8 20. Be3 Nd7 21. Qe2 Qc7
22. Bxb5 Nxb5 23. Qxb5 Rxe4 24. bxc5 Nxc5 25. Bxc5 Rxe1+ 26. Rxe1 dxc5 27. Re8+
Rxe8 28. Qxe8+ Bf8 29. Ne5 Kg7 1/2-1/2

[Event "Jugend WM U20"]
[Site "Istanbul"]
[Date "2005.11.10"]
[Round "2.3"]
[White "Wojtaszek, Radoslaw"]
[Black "Papin, Vasily"]
[Result "1-0"]
[WhiteElo "2606"]
[BlackElo "2425"]
[PlyCount "113"]
[EventDate "2005.11.??"]
[EventType "swiss"]
[EventRounds "13"]
[EventCountry "TUR"]
[Source "Reinhold Goldau"]
[SourceDate "2000.03.01"]

1. d4 Nf6 2. c4 e6 3. Nf3 b6 4. Nc3 Bb4 5. Bg5 Bb7 6. Nd2 h6 7. Bh4 Be7 8. e4
Nxe4 9. Bxe7 Nxc3 10. Bxd8 Nxd1 11. Bxc7 Nxb2 12. a4 d5 13. cxd5 exd5 14. Ra2
Nc4 15. Nxc4 dxc4 16. Bxc4 Kd7 17. Bf4 Rc8 18. Bb5+ Bc6 19. Kd2 a6 20. Bd3 Kd8
21. Be5 f6 22. Bd6 Ra7 23. Rc2 Bd5 24. Rxc8+ Kxc8 25. Rb1 Rb7 26. f3 Kd7 27.
Bxb8 Rxb8 28. Bxa6 Ke7 29. Bb5 Kd6 30. Bd3 Ke7 31. Be4 Be6 32. Kc3 Bd7 33. Rb4
f5 34. Bd3 Ra8 35. Bb5 Be6 36. Kd3 g5 37. Rb2 Kd6 38. Re2 h5 39. Re5 Rc8 40.
Re1 g4 41. fxg4 hxg4 42. g3 f4 43. gxf4 Bf5+ 44. Ke2 Rc2+ 45. Kf1 Rxh2 46. Re5
Be6 47. Rg5 Rh3 48. Be2 g3 49. Rg6 Rh1+ 50. Kg2 Rh2+ 51. Kxg3 Rxe2 52. f5 Kd5
53. Rxe6 Rb2 54. Kf4 Kxd4 55. f6 Kd5 56. Re8 Rg2 57. Kf5 1-0

[Event "Jugend WM U20"]
[Site "Istanbul"]
[Date "2005.11.10"]
[Round "2.5"]
[White "Nyback, Tomi"]
[Black "Cornette, Matthieu"]
[Result "1/2-1/2"]
[WhiteElo "2563"]
[BlackElo "2418"]
[PlyCount "142"]
[EventDate "2005.11.??"]
[EventType "swiss"]
[EventRounds "13"]
[EventCountry "TUR"]
[Source "Reinhold Goldau"]
[SourceDate "2000.03.01"]

1. Nf3 d5 2. d4 Nf6 3. c4 c6 4. Nc3 dxc4 5. a4 Bf5 6. e3 e6 7. Bxc4 Bb4 8. O-O
O-O 9. Nh4 Nbd7 10. Nxf5 exf5 11. Qc2 Nb6 12. Bb3 Qd7 13. a5 Nbd5 14. Bd2 Rac8
15. Rfc1 Bd6 16. Nxd5 cxd5 17. Qd3 h5 18. Rc2 Rxc2 19. Bxc2 g6 20. Ba4 Qc7 21.
g3 h4 22. Rc1 Qe7 23. a6 bxa6 24. Qxa6 Ne4 25. Be1 hxg3 26. hxg3 Nxg3 27. Rc8
Ne4 28. Rxf8+ Kxf8 29. Qc6 Qh4 30. Kf1 f4 31. exf4 Qh3+ 32. Ke2 Qg4+ 33. Kf1
Qf3 34. Kg1 Qe2 35. Qc1 Qg4+ 36. Kf1 Bxf4 37. Qd1 Qh3+ 38. Ke2 Qe6 39. Kf1 Qh3+
40. Ke2 Ng5 41. Bc2 Qg4+ 42. Kd3 Qe6 43. Bb4+ Kg7 44. Bb3 a5 45. Bc5 a4 46. Ba2
Qf5+ 47. Kc3 Ne4+ 48. Kb4 Nxf2 49. Qxa4 Nd3+ 50. Ka3 Bc1 51. Qc2 Bxb2+ 52. Kb3
Qf3 53. Ka4 Qe4 54. Bxd5 Nxc5+ 55. Qxc5 Qxd4+ 56. Qxd4+ Bxd4 57. Kb3 f5 58. Kc4
Bb6 59. Kd3 Kf6 60. Ke2 Ke5 61. Bf7 g5 62. Kf3 g4+ 63. Kg3 Kf6 64. Bb3 Bc7+ 65.
Kg2 Ke5 66. Bc2 Kf4 67. Bd3 Ke5 68. Bc2 f4 69. Bd1 Kf5 70. Be2 Bb6 71. Bd1 f3+
1/2-1/2

[Event "Jugend WM U20"]
[Site "Istanbul"]
[Date "2005.11.10"]
[Round "2.6"]
[White "Karakehajov, Kalin"]
[Black "Stellwagen, Daniel"]
[Result "1/2-1/2"]
[WhiteElo "2396"]
[BlackElo "2561"]
[PlyCount "89"]
[EventDate "2005.11.??"]
[EventType "swiss"]
[EventRounds "13"]
[EventCountry "TUR"]
[Source "Reinhold Goldau"]
[SourceDate "2000.03.01"]

1. d4 Nf6 2. Nf3 g6 3. Nbd2 Bg7 4. c3 O-O 5. e4 d6 6. Be2 Nc6 7. O-O e5 8. dxe5
dxe5 9. Re1 Nh5 10. Nc4 Nf4 11. Bf1 Qf6 12. Ne3 Ne7 13. b3 Be6 14. c4 Nc6 15.
Nd5 Qd8 16. h3 Bc8 17. Nxf4 exf4 18. Bxf4 Bxa1 19. Qxa1 f6 20. Qc3 a5 21. Bc1
Be6 22. Bb2 Qe7 23. c5 h6 24. Nh4 Qg7 25. f4 g5 26. Bc4 Qf7 27. fxg5 hxg5 28.
Nf3 Bxc4 29. Nxg5 Qg6 30. Qxc4+ Kh8 31. Ne6 Rg8 32. Nf4 Qg5 33. Qf1 Ne5 34. Ne6
Qxg2+ 35. Qxg2 Nf3+ 36. Kf1 Rxg2 37. Bxf6+ Kg8 38. Re3 Rg6 39. Rxf3 Ra6 40. e5
Rxe6 41. Rd3 Rc6 42. Rd7 Rxc5 43. Kf2 Rc2+ 44. Kf3 Rxa2 45. Rxc7 1/2-1/2

[Event "Jugend WM U20"]
[Site "Istanbul"]
[Date "2005.11.10"]
[Round "2.7"]
[White "Predojevic, Borki"]
[Black "Rohit, Gogineni"]
[Result "1-0"]
[WhiteElo "2558"]
[BlackElo "2401"]
[PlyCount "63"]
[EventDate "2005.11.??"]
[EventType "swiss"]
[EventRounds "13"]
[EventCountry "TUR"]
[Source "Reinhold Goldau"]
[SourceDate "2000.03.01"]

1. e4 c5 2. Nf3 d6 3. d4 cxd4 4. Nxd4 Nf6 5. Nc3 Nc6 6. Bg5 e6 7. Qd2 a6 8.
O-O-O Nxd4 9. Qxd4 Be7 10. f4 b5 11. Bxf6 gxf6 12. Be2 Rb8 13. Bf3 Qb6 14. Qd2
Bb7 15. Kb1 Bc6 16. Rhe1 b4 17. Ne2 a5 18. Nd4 Bd7 19. Bh5 e5 20. Nf5 Bxf5 21.
exf5 Qc5 22. Bf3 h6 23. Bd5 a4 24. Re4 a3 25. Bb3 axb2 26. Qe2 Rd8 27. Rd5 Qg1+
28. Kxb2 Qxh2 29. Rxb4 Rg8 30. Qc4 Rxg2 31. Rb7 exf4 32. Qe4 1-0

[Event "Jugend WM U20"]
[Site "Istanbul"]
[Date "2005.11.10"]
[Round "2.8"]
[White "Sulashvili, Malkhaz"]
[Black "Kharitonov, Alexandr"]
[Result "1/2-1/2"]
[WhiteElo "2386"]
[BlackElo "2545"]
[PlyCount "77"]
[EventDate "2005.11.??"]
[EventType "swiss"]
[EventRounds "13"]
[EventCountry "TUR"]
[Source "Reinhold Goldau"]
[SourceDate "2000.03.01"]

1. e4 c6 2. d4 d5 3. exd5 cxd5 4. c4 Nf6 5. Nc3 e6 6. Nf3 Bb4 7. cxd5 Nxd5 8.
Bd2 Nc6 9. Bd3 O-O 10. O-O Be7 11. Qe2 Bf6 12. Rad1 Nxc3 13. bxc3 g6 14. Bh6
Re8 15. Bb5 Bd7 16. Ne5 a6 17. Nxd7 Qxd7 18. Qf3 Bh8 19. Bxc6 bxc6 20. Rb1 Qd5
21. Rb7 Qxf3 22. gxf3 e5 23. Be3 exd4 24. cxd4 Red8 25. Rb4 Rd6 26. Rc1 a5 27.
Ra4 f5 28. Rc5 Kf7 29. Kf1 Bf6 30. Ke2 Bd8 31. Bf4 Re6+ 32. Kd3 Bb6 33. Re5 Rd8
34. Rxe6 Kxe6 35. Be3 Rd5 36. Rc4 Kd6 37. a4 c5 38. f4 Ke6 39. Kc3 1/2-1/2

[Event "Jugend WM U20"]
[Site "Istanbul"]
[Date "2005.11.10"]
[Round "2.9"]
[White "L'Ami, Erwin"]
[Black "Poobesh Anand, S."]
[Result "1/2-1/2"]
[WhiteElo "2541"]
[BlackElo "2397"]
[PlyCount "36"]
[EventDate "2005.11.??"]
[EventType "swiss"]
[EventRounds "13"]
[EventCountry "TUR"]
[Source "Reinhold Goldau"]
[SourceDate "2000.03.01"]

1. e4 c5 2. Nf3 Nc6 3. d4 cxd4 4. Nxd4 Nf6 5. Nc3 d6 6. Bg5 Bd7 7. Qd2 Nxd4 8.
Qxd4 h6 9. Bxf6 gxf6 10. Bb5 Rg8 11. O-O Bxb5 12. Nxb5 Qd7 13. Qd3 h5 14. c4
Bh6 15. Rad1 Rc8 16. b4 Rxc4 17. Qxc4 Rxg2+ 18. Kxg2 Qg4+ 1/2-1/2

[Event "Jugend WM U20"]
[Site "Istanbul"]
[Date "2005.11.10"]
[Round "2.10"]
[White "Wen, Yang"]
[Black "Smeets, Jan"]
[Result "1/2-1/2"]
[WhiteElo "2374"]
[BlackElo "2531"]
[PlyCount "61"]
[EventDate "2005.11.??"]
[EventType "swiss"]
[EventRounds "13"]
[EventCountry "TUR"]
[Source "Reinhold Goldau"]
[SourceDate "2000.03.01"]

1. e4 c6 2. d4 d5 3. Nd2 dxe4 4. Nxe4 Bf5 5. Ng3 Bg6 6. h4 h6 7. Nf3 Nd7 8. h5
Bh7 9. Bd3 Bxd3 10. Qxd3 e6 11. Bd2 Ngf6 12. O-O-O Be7 13. Ne4 Qc7 14. Nxf6+
Nxf6 15. Ne5 Bd6 16. Qg3 Ne4 17. Qxg7 Bxe5 18. dxe5 O-O-O 19. Rh4 Rhg8 20. Qxg8
Rxg8 21. Rxe4 Rxg2 22. Bxh6 Rh2 23. Rg4 Qa5 24. Rg8+ Kc7 25. Bg5 b6 26. Rgd8
Kb7 27. R8d7+ Ka6 28. R7d3 Qxe5 29. Ra3+ Kb7 30. Rd7+ Kc8 31. Rd8+ 1/2-1/2

[Event "Jugend WM U20"]
[Site "Istanbul"]
[Date "2005.11.10"]
[Round "2.12"]
[White "Bartel, Mateusz"]
[Black "Wei, Chenpeng"]
[Result "0-1"]
[WhiteElo "2513"]
[BlackElo "2390"]
[PlyCount "96"]
[EventDate "2005.11.??"]
[EventType "swiss"]
[EventRounds "13"]
[EventCountry "TUR"]
[Source "Reinhold Goldau"]
[SourceDate "2000.03.01"]

1. d4 Nf6 2. c4 c6 3. Nc3 d5 4. e3 a6 5. Qc2 b5 6. b3 Bg4 7. Nge2 Bh5 8. Nf4
Bg6 9. Nxg6 hxg6 10. c5 Nbd7 11. f4 e6 12. Bd3 Be7 13. Nd1 Ng4 14. g3 f5 15.
Qg2 Kf7 16. h3 Ngf6 17. Nf2 Ne4 18. Nxe4 dxe4 19. Be2 Bf6 20. b4 a5 21. g4 axb4
22. g5 Be7 23. Bd1 Rh4 24. Bd2 Qc7 25. Bb3 Rah8 26. O-O-O Nb8 27. Bxb4 Na6 28.
Be1 R4h7 29. Kb2 Qa7 30. Ra1 Nc7 31. h4 Nd5 32. Qe2 Qb7 33. Rh3 Rh5 34. Bd1 Qa7
35. Qf2 Ra8 36. a3 Rhh8 37. h5 gxh5 38. g6+ Kxg6 39. Qg3+ Kf7 40. Bxh5+ Rxh5
41. Rxh5 Bf6 42. Rh2 Qa4 43. Rg2 b4 44. Rd2 bxa3+ 45. Kc1 Rh8 46. Rb1 a2 47.
Ra1 Qa3+ 48. Rb2 Rh1 0-1

[Event "Jugend WM U20"]
[Site "Istanbul"]
[Date "2005.11.10"]
[Round "2.13"]
[White "Li, Chao"]
[Black "Moradiabadi, Elshan"]
[Result "1/2-1/2"]
[WhiteElo "2305"]
[BlackElo "2497"]
[PlyCount "93"]
[EventDate "2005.11.??"]
[EventType "swiss"]
[EventRounds "13"]
[EventCountry "TUR"]
[Source "Reinhold Goldau"]
[SourceDate "2000.03.01"]

1. e4 c5 2. Nf3 e6 3. d4 cxd4 4. Nxd4 a6 5. Bd3 Qc7 6. O-O Nc6 7. Nxc6 bxc6 8.
c4 Nf6 9. Nc3 Be7 10. f4 d6 11. Be3 c5 12. Qf3 Rb8 13. b3 Bb7 14. Rad1 O-O 15.
Qh3 Rbd8 16. Bb1 Rfe8 17. Bc1 Nd7 18. Bb2 Nf8 19. Ne2 d5 20. cxd5 exd5 21. exd5
Rxd5 22. Bd3 Red8 23. Nc3 Rd4 24. Qg3 Ng6 25. Na4 R4d7 26. Be5 Qc6 27. Nb2 c4
28. Bxg6 hxg6 29. Rxd7 Rxd7 30. Nxc4 Bc5+ 31. Kh1 Qe4 32. Re1 Qc2 33. Bd6 Bxd6
34. Nxd6 Qxg2+ 35. Qxg2 Bxg2+ 36. Kxg2 Rxd6 37. Re8+ Kh7 38. Kf3 f6 39. Ra8 Re6
40. h3 g5 41. f5 Rb6 42. Ke3 g6 43. Ra7+ Kh6 44. Ke4 Rb4+ 45. Ke3 Rb6 46. Ke4
Rb4+ 47. Ke3 1/2-1/2

[Event "Jugend WM U20"]
[Site "Istanbul"]
[Date "2005.11.10"]
[Round "2.14"]
[White "Zhigalko, Sergei"]
[Black "Esen, Baris"]
[Result "0-1"]
[WhiteElo "2490"]
[BlackElo "2384"]
[PlyCount "80"]
[EventDate "2005.11.??"]
[EventType "swiss"]
[EventRounds "13"]
[EventCountry "TUR"]
[Source "Reinhold Goldau"]
[SourceDate "2000.03.01"]

1. e4 e6 2. d4 d5 3. e5 c5 4. c3 Nc6 5. Nf3 Bd7 6. Be2 Nge7 7. Na3 Ng6 8. h4
cxd4 9. cxd4 Bb4+ 10. Kf1 h6 11. h5 Nf8 12. Rh3 Qb6 13. Nb1 Nh7 14. Nc3 O-O 15.
Rg3 Kh8 16. a3 Be7 17. b4 f6 18. Na4 Qd8 19. exf6 Bxf6 20. b5 Ne7 21. Nc5 Nf5
22. Rh3 b6 23. Nb3 Ng5 24. Bxg5 Bxg5 25. Kg1 Rc8 26. Ne5 Be8 27. Bg4 Bf4 28. a4
Qg5 29. Qe2 Bxe5 30. dxe5 Rc4 31. f3 Ne3 32. Bxe6 Rc2 33. f4 Rxf4 34. Rxe3 Rxe2
35. Rxe2 Bxh5 36. Rc2 Qxe5 37. Rc8+ Kh7 38. Bg8+ Kg6 39. Rc6+ Kg5 40. Re6 Qb2
0-1

[Event "Jugend WM U20"]
[Site "Istanbul"]
[Date "2005.11.10"]
[Round "2.15"]
[White "Romanov, Evgeny"]
[Black "Perdomo, Leandro"]
[Result "1-0"]
[WhiteElo "2479"]
[BlackElo "2373"]
[PlyCount "61"]
[EventDate "2005.11.??"]
[EventType "swiss"]
[EventRounds "13"]
[EventCountry "TUR"]
[Source "Reinhold Goldau"]
[SourceDate "2000.03.01"]

1. d4 Nf6 2. c4 g6 3. Nc3 Bg7 4. e4 d6 5. h3 O-O 6. Bg5 c5 7. d5 e6 8. Bd3 exd5
9. cxd5 Re8 10. Nf3 c4 11. Bc2 b5 12. a3 Na6 13. O-O Bd7 14. Re1 b4 15. axb4
Nxb4 16. Bb1 Qc7 17. Be3 a6 18. Bd4 Qb7 19. Qd2 Rad8 20. Na4 Qb5 21. Bb6 a5 22.
Bxd8 Rxd8 23. Nc3 Qb6 24. Qe3 Qc7 25. Nd2 Re8 26. Qe2 Nfxd5 27. Nxd5 Nxd5 28.
Qxc4 Bxb2 29. Ra2 Qxc4 30. Nxc4 Bc3 31. Rc1 1-0

[Event "Jugend WM U20"]
[Site "Istanbul"]
[Date "2005.11.10"]
[Round "2.17"]
[White "Heberla, Bartlomiej"]
[Black "Jessel, Stephen"]
[Result "1-0"]
[WhiteElo "2465"]
[BlackElo "2304"]
[PlyCount "87"]
[EventDate "2005.11.??"]
[EventType "swiss"]
[EventRounds "13"]
[EventCountry "TUR"]
[Source "Reinhold Goldau"]
[SourceDate "2000.03.01"]

1. e4 c6 2. d4 d5 3. f3 dxe4 4. fxe4 e5 5. Nf3 exd4 6. Bc4 Qc7 7. O-O Bg4 8.
Qd3 Bh5 9. Ng5 Nh6 10. Bf4 Qd8 11. e5 b5 12. Bb3 Be7 13. Ne4 Bg6 14. Bxh6 gxh6
15. Qh3 O-O 16. Nbd2 h5 17. Nf6+ Bxf6 18. Rxf6 Qe7 19. Qg3 Kh8 20. Nf3 Nd7 21.
Rxc6 Rac8 22. Rxc8 Rxc8 23. Re1 Qc5 24. Qf2 d3 25. cxd3 Qxf2+ 26. Kxf2 Nc5 27.
Bc2 Bxd3 28. Bb1 Bxb1 29. Rxb1 Na4 30. Rd1 Rc2+ 31. Kg3 Rxb2 32. Rd7 Kg8 33.
Ng5 Rxa2 34. Rxa7 Nc3 35. Rb7 Re2 36. Nxf7 Re4 37. Kf3 Re1 38. Nh6+ Kf8 39. Kf4
Rf1+ 40. Kg5 Re1 41. Kf5 Ne2 42. Kf6 Rf1+ 43. Nf5 Ke8 44. e6 1-0

[Event "Jugend WM U20"]
[Site "Istanbul"]
[Date "2005.11.10"]
[Round "2.20"]
[White "Maenhout, Thibaut"]
[Black "Berkes, Ferenc"]
[Result "0-1"]
[WhiteElo "2282"]
[BlackElo "2596"]
[PlyCount "62"]
[EventDate "2005.11.??"]
[EventType "swiss"]
[EventRounds "13"]
[EventCountry "TUR"]
[Source "Reinhold Goldau"]
[SourceDate "2000.03.01"]

1. e4 c5 2. Nf3 e6 3. d4 cxd4 4. Nxd4 a6 5. Nc3 Qc7 6. Bd3 Nc6 7. Be3 b5 8. O-O
Bb7 9. Kh1 Nf6 10. a3 h5 11. f4 Ng4 12. Bg1 g5 13. Nxc6 Bxc6 14. Bd4 Rh6 15. e5
gxf4 16. Qe2 Be7 17. Rxf4 d6 18. Be4 d5 19. Bf3 Bg5 20. Rxg4 hxg4 21. Bxg4 f5
22. Bf3 O-O-O 23. a4 b4 24. Nd1 Bb7 25. Nf2 Qc4 26. Qd1 Kb8 27. c3 Rh4 28. Be2
Qc7 29. cxb4 Bf4 30. h3 Bxe5 31. Bc5 d4 0-1

[Event "Jugend WM U20"]
[Site "Istanbul"]
[Date "2005.11.10"]
[Round "2.22"]
[White "Kurnosov, Igor"]
[Black "Xie, George Wendi"]
[Result "1-0"]
[WhiteElo "2523"]
[BlackElo "2340"]
[PlyCount "81"]
[EventDate "2005.11.??"]
[EventType "swiss"]
[EventRounds "13"]
[EventCountry "TUR"]
[Source "Reinhold Goldau"]
[SourceDate "2000.03.01"]

1. e4 c5 2. Nf3 Nc6 3. Bb5 e6 4. O-O Nd4 5. Nxd4 cxd4 6. c3 a6 7. Ba4 b5 8. Bc2
Bc5 9. b4 Bb6 10. Bb2 Qf6 11. a4 Ne7 12. axb5 O-O 13. Qf3 Qe5 14. cxd4 Bxd4 15.
Bxd4 Qxd4 16. Qc3 Qb6 17. Qc5 Qd8 18. Nc3 d6 19. Qe3 Bb7 20. bxa6 Bxa6 21. b5
Bb7 22. Rxa8 Qxa8 23. Qb6 Ng6 24. f4 Rd8 25. f5 exf5 26. Rxf5 Ne5 27. Rf1 Rd7
28. Bb3 h6 29. Bd5 Bxd5 30. Nxd5 Qa2 31. d4 Nd3 32. Qc6 Qa4 33. Qc3 Qxb5 34.
Rd1 Nb2 35. Rb1 Rb7 36. Qc8+ Kh7 37. Qf5+ Kg8 38. Rc1 Rb8 39. Rc8+ Rxc8 40.
Qxc8+ Kh7 41. Ne7 1-0

[Event "Jugend WM U20"]
[Site "Istanbul"]
[Date "2005.11.10"]
[Round "2.23"]
[White "Laznicka, Viktor"]
[Black "Citak, Selim"]
[Result "1/2-1/2"]
[WhiteElo "2517"]
[BlackElo "2291"]
[PlyCount "59"]
[EventDate "2005.11.??"]
[EventType "swiss"]
[EventRounds "13"]
[EventCountry "TUR"]
[Source "Reinhold Goldau"]
[SourceDate "2000.03.01"]

1. e4 e5 2. Nf3 Nc6 3. Bb5 a6 4. Bxc6 dxc6 5. O-O f6 6. d4 exd4 7. Nxd4 c5 8.
Ne2 Qxd1 9. Rxd1 Bd7 10. Nbc3 O-O-O 11. Be3 Bd6 12. Bf4 Be6 13. Rd2 Ne7 14.
Rad1 Bxf4 15. Nxf4 Rxd2 16. Rxd2 Bf7 17. f3 Rd8 18. Rxd8+ Kxd8 19. Kf2 Nc6 20.
Ke2 Nb4 21. Kd2 Kd7 22. a3 Nc6 23. Ncd5 Ne5 24. Ne3 c6 25. Nd3 Nxd3 26. Kxd3 b5
27. b4 cxb4 28. axb4 c5 29. bxc5 a5 30. Nf5 1/2-1/2

[Event "Jugend WM U20"]
[Site "Istanbul"]
[Date "2005.11.10"]
[Round "2.24"]
[White "Moosavian, S Hamed"]
[Black "Mamedov, Nidjat"]
[Result "0-1"]
[WhiteElo "2263"]
[BlackElo "2517"]
[PlyCount "100"]
[EventDate "2005.11.??"]
[EventType "swiss"]
[EventRounds "13"]
[EventCountry "TUR"]
[Source "Reinhold Goldau"]
[SourceDate "2000.03.01"]

1. e4 c5 2. Nf3 d6 3. d4 cxd4 4. Nxd4 Nf6 5. Nc3 Nc6 6. Bc4 Qb6 7. Be3 Qxb2 8.
Ndb5 Qb4 9. Qe2 Ne5 10. Rb1 Qxc4 11. Qxc4 Nxc4 12. Nc7+ Kd8 13. Nxa8 Nxe3 14.
fxe3 b6 15. O-O Nd7 16. Nd5 Bb7 17. Nac7 Nf6 18. Rb4 e6 19. Nxf6 gxf6 20. Nb5
d5 21. Rb3 Bc5 22. Rxf6 Ke7 23. e5 a5 24. Rf4 Ba6 25. Kf2 Rg8 26. h4 h5 27. a4
Rg7 28. Kf3 Rg8 29. g4 hxg4+ 30. Rxg4 Rh8 31. Kg3 Bxb5 32. axb5 Rh5 33. Rg5 Rh8
34. Rd3 a4 35. Rg4 Ra8 36. Kf3 a3 37. Rg1 Ra4 38. Rh1 Kf8 39. h5 Kg7 40. Rd2
Re4 41. Rd3 Rxe5 42. c4 dxc4 43. Rc3 Kh6 44. e4 Bd6 45. Rb1 Rxh5 46. Rxc4 Be5
47. Ra4 Rh2 48. Ke3 a2 49. Rd1 Rh3+ 50. Ke2 Rh2+ 0-1